<?xml version='1.0' encoding='UTF-8'?>
  <record xmlns="http://www.loc.gov/MARC21/slim">
    <leader>00000cam a22000007i 4500</leader>
    <controlfield tag="001">ocm64957202</controlfield>
    <controlfield tag="003">OCoLC</controlfield>
    <controlfield tag="005">20251217021003.1</controlfield>
    <controlfield tag="008">890201s1874    ne            000 0 lat d</controlfield>
    <datafield tag="040" ind1=" " ind2=" ">
      <subfield code="a">NLGGC</subfield>
      <subfield code="b">dut</subfield>
      <subfield code="e">fobidrtb</subfield>
      <subfield code="c">NLGGC</subfield>
      <subfield code="d">OCLCO</subfield>
      <subfield code="d">OCLCL</subfield>
      <subfield code="d">OCLCQ</subfield>
    </datafield>
    <datafield tag="029" ind1="0" ind2=" ">
      <subfield code="a">NLGGC</subfield>
      <subfield code="b">051150816</subfield>
    </datafield>
    <datafield tag="035" ind1=" " ind2=" ">
      <subfield code="a">(OCoLC)64957202</subfield>
    </datafield>
    <datafield tag="100" ind1="0" ind2=" ">
      <subfield code="a">Pius</subfield>
      <subfield code="b">IX,</subfield>
      <subfield code="c">paus,</subfield>
      <subfield code="d">1792-1878.</subfield>
      <subfield code="1">https://id.oclc.org/worldcat/entity/E39PBJdGJT9qjDJrKrXXtVC4v3</subfield>
    </datafield>
    <datafield tag="245" ind1="1" ind2="0">
      <subfield code="a">S. Concilii Vaticani constitutiones dogmaticae. S.D.N. Pii IX. encyclica: Quanta cura, cum syllabo ;</subfield>
      <subfield code="b">constitutio: Apostolicae sedis, qua censurae latae sententiae limitantur, cui accedunt antiqua documenta et recentiora decreta.</subfield>
    </datafield>
    <datafield tag="260" ind1=" " ind2=" ">
      <subfield code="a">Ruraemundae :</subfield>
      <subfield code="b">J. Romen,</subfield>
      <subfield code="c">1874.</subfield>
    </datafield>
    <datafield tag="300" ind1=" " ind2=" ">
      <subfield code="a">58 p. ;</subfield>
      <subfield code="c">24 cm.</subfield>
    </datafield>
    <datafield tag="336" ind1=" " ind2=" ">
      <subfield code="a">tekst</subfield>
      <subfield code="b">txt</subfield>
      <subfield code="2">rdacontent/dut</subfield>
    </datafield>
    <datafield tag="337" ind1=" " ind2=" ">
      <subfield code="a">zonder medium</subfield>
      <subfield code="b">n</subfield>
      <subfield code="2">rdamedia/dut</subfield>
    </datafield>
    <datafield tag="338" ind1=" " ind2=" ">
      <subfield code="a">band</subfield>
      <subfield code="b">nc</subfield>
      <subfield code="2">rdacarrier/dut</subfield>
    </datafield>
    <datafield tag="530" ind1=" " ind2=" ">
      <subfield code="a">Boek wordt verfilmd Metamorfoze UBU.</subfield>
    </datafield>
    <datafield tag="776" ind1="0" ind2=" ">
      <subfield code="t">S. Concilii Vaticani constitutiones dogmaticae. S.D.N. Pii IX. encyclica: Quanta cura, cum syllabo</subfield>
      <subfield code="w">(NL-LeOCL)427139392</subfield>
    </datafield>
    <datafield tag="776" ind1="0" ind2=" ">
      <subfield code="t">S. Concilii Vaticani constitutiones dogmaticae. S.D.N. Pii IX. encyclica: Quanta cura, cum syllabo</subfield>
      <subfield code="w">(NL-LeOCL)427139406</subfield>
    </datafield>
    <datafield tag="936" ind1=" " ind2=" ">
      <subfield code="a">BATCHLOAD</subfield>
    </datafield>
  </record>